[Event "Kibizov Memorial 2018"]
[Site "?"]
[Date "2018.06.27"]
[Round "7.1"]
[White "Grigorieva, Yulia"]
[Black "Doluhanova, Evgeniya"]
[Result "0-1"]
[BlackElo "2257"]
[WhiteElo "2035"]
[LiveChessVersion "1.4.8"]

1. d4 {[%clk 1:30:57]} Nf6 {[%clk 1:28:59]} 2. c4 {[%clk 1:31:19]} e6
{[%clk 1:29:24]} 3. g3 {[%clk 1:31:30]} c5 {[%clk 1:25:56]} 4. d5
{[%clk 1:27:31]} d6 {[%clk 1:25:19]} 5. Nc3 {[%clk 1:23:05]} e5 {[%clk 1:23:07]}
6. e4 {[%clk 1:18:39]} g6 {[%clk 1:23:30]} 7. h3 {[%clk 1:17:38]} Bg7
{[%clk 1:23:48]} 8. Bd3 {[%clk 1:15:02]} O-O {[%clk 1:23:13]} 9. g4
{[%clk 1:13:31]} a6 {[%clk 1:22:57]} 10. a4 {[%clk 1:08:44]} b6 {[%clk 1:22:26]}
11. Nf3 {[%clk 1:04:50]} Ra7 {[%clk 1:22:27]} 12. Be3 {[%clk 0:59:15]} Ne8
{[%clk 1:21:40]} 13. Qd2 {[%clk 0:52:23]} f6 {[%clk 1:20:07]} 14. O-O-O
{[%clk 0:48:21]} Bd7 {[%clk 1:16:00]} 15. Rdg1 {[%clk 0:38:53]} Nc7
{[%clk 1:06:46]} 16. h4 {[%clk 0:35:57]} b5 {[%clk 1:07:02]} 17. cxb5
{[%clk 0:32:47]} axb5 {[%clk 1:07:27]} 18. axb5 {[%clk 0:32:52]} Rb7
{[%clk 1:07:00]} 19. h5 {[%clk 0:21:13]} Nxb5 {[%clk 1:06:09]} 20. hxg6
{[%clk 0:18:29]} hxg6 {[%clk 1:06:08]} 21. Bh6 {[%clk 0:15:21]} Rf7
{[%clk 1:06:03]} 22. Bxb5 {[%clk 0:08:08]} Bxb5 {[%clk 1:06:09]} 23. Bxg7
{[%clk 0:05:23]} Rxg7 {[%clk 1:06:19]} 24. Qh6 {[%clk 0:05:34]} Rh7
{[%clk 1:01:05]} 25. Qxg6+ {[%clk 0:02:11]} Rbg7 {[%clk 1:01:03]} 26. Qf5
{[%clk 0:01:27]} Bd7 {[%clk 1:01:15]} 27. Rxh7 {[%clk 0:01:53]} Bxf5
{[%clk 1:01:14]} 28. Rxg7+ {[%clk 0:02:18]} Kxg7 {[%clk 1:01:40]} 29. gxf5+
{[%clk 0:02:17]} Kf7 {[%clk 1:01:52]} 30. Rg6 {[%clk 0:01:14]} Nd7
{[%clk 0:54:24]} 31. Nh2 {[%clk 0:00:51]} Qh8 {[%clk 0:54:28]} 32. Ng4
{[%clk 0:00:44]} Qh1+ {[%clk 0:54:08]} 33. Kc2 {[%clk 0:00:37]} c4
{[%clk 0:51:04]} 34. Nh6+ {[%clk 0:00:43]} Ke7 {[%clk 0:49:10]} 35. Kd2
{[%clk 0:00:42]} Nc5 {[%clk 0:45:56]} 36. Ng8+ {[%clk 0:00:42]} Kf8
{[%clk 0:42:17]} 37. Nxf6 {[%clk 0:00:40]} Nb3+ {[%clk 0:41:13]} 38. Ke2
{[%clk 0:00:44]} Nd4+ {[%clk 0:40:11]} 39. Kd2 {[%clk 0:00:51]} Qf1
{[%clk 0:35:30]} 40. f3 {[%clk 0:00:37]} Nb3+ {[%clk 0:29:49]} 41. Ke3
{[%clk 0:01:01]} Qe1+ {[%clk 0:30:04]} 42. Ne2 {[%clk 0:01:26]} Nd4
{[%clk 0:30:22]} 43. Nd7+ {[%clk 0:00:50]} Kf7 {[%clk 0:30:29]} 44. Rf6+
{[%clk 0:01:08]} Ke7 {[%clk 0:30:53]} 45. Re6+ {[%clk 0:01:00]} Kxd7
{[%clk 0:31:16]} 46. Kxd4 0-1

[Event "Kibizov Memorial 2018"]
[Site "?"]
[Date "2018.06.27"]
[Round "7.2"]
[White "Filippova, Darya"]
[Black "Eidelson, Rakhil"]
[Result "1-0"]
[BlackElo "2080"]
[WhiteElo "1938"]
[LiveChessVersion "1.4.8"]

1. c4 {[%clk 1:30:55]} e5 {[%clk 1:30:33]} 2. Nc3 {[%clk 1:30:59]} Nf6
{[%clk 1:30:57]} 3. g3 {[%clk 1:31:03]} c6 {[%clk 1:31:19]} 4. Nf3
{[%clk 1:31:22]} e4 {[%clk 1:31:41]} 5. Nd4 {[%clk 1:31:45]} Qb6 {[%clk 1:32:07]}
6. e3 {[%clk 1:23:43]} d5 {[%clk 1:31:24]} 7. cxd5 {[%clk 1:23:55]} cxd5
{[%clk 1:31:53]} 8. d3 {[%clk 1:23:38]} Nc6 {[%clk 1:24:21]} 9. Nxc6
{[%clk 1:23:36]} bxc6 {[%clk 1:24:47]} 10. dxe4 {[%clk 1:23:44]} dxe4
{[%clk 1:24:25]} 11. Qc2 {[%clk 1:20:33]} Be7 {[%clk 1:10:20]} 12. Bg2
{[%clk 1:20:19]} Ba6 {[%clk 1:10:38]} 13. Nxe4 {[%clk 1:08:29]} Nd5
{[%clk 1:04:53]} 14. a3 {[%clk 1:05:51]} Rb8 {[%clk 1:02:57]} 15. Bf1
{[%clk 1:03:18]} Bc8 {[%clk 1:01:28]} 16. Nd2 {[%clk 0:58:19]} O-O
{[%clk 0:51:54]} 17. Nc4 {[%clk 0:58:37]} Qc7 {[%clk 0:50:38]} 18. Bd3
{[%clk 0:56:18]} f5 {[%clk 0:50:11]} 19. O-O {[%clk 0:56:24]} g6 {[%clk 0:48:56]}
20. e4 {[%clk 0:53:10]} fxe4 {[%clk 0:48:40]} 21. Bxe4 {[%clk 0:53:37]} Bh3
{[%clk 0:46:10]} 22. Re1 {[%clk 0:52:09]} Bf6 {[%clk 0:43:50]} 23. Bh6
{[%clk 0:48:44]} Rf7 {[%clk 0:40:28]} 24. Rad1 {[%clk 0:48:10]} Rd8
{[%clk 0:39:30]} 25. Ne3 {[%clk 0:37:08]} Nxe3 {[%clk 0:35:28]} 26. Bxe3
{[%clk 0:37:28]} Bd7 {[%clk 0:31:27]} 27. Bd5 {[%clk 0:37:03]} Be8
{[%clk 0:23:18]} 28. Bxf7+ {[%clk 0:37:07]} Bxf7 {[%clk 0:23:44]} 29. Rxd8+
{[%clk 0:37:14]} Qxd8 {[%clk 0:23:21]} 30. Qxc6 {[%clk 0:33:57]} Bxb2
{[%clk 0:22:17]} 31. Bc5 {[%clk 0:33:15]} Bg7 {[%clk 0:21:01]} 32. Be7
{[%clk 0:31:28]} 1-0

[Event "Kibizov Memorial 2018"]
[Site "?"]
[Date "2018.06.27"]
[Round "7.3"]
[White "Petrenko, Svetlana"]
[Black "Denikina, Natalia"]
[Result "1-0"]
[BlackElo "2161"]
[WhiteElo "2188"]
[LiveChessVersion "1.4.8"]

1. c4 {[%clk 1:30:57]} Nf6 {[%clk 1:30:55]} 2. Nf3 {[%clk 1:31:15]} g6
{[%clk 1:31:18]} 3. Nc3 {[%clk 1:30:32]} Bg7 {[%clk 1:31:43]} 4. e4
{[%clk 1:30:36]} d6 {[%clk 1:32:01]} 5. g3 {[%clk 1:29:05]} O-O {[%clk 1:32:17]}
6. Bg2 {[%clk 1:29:28]} e5 {[%clk 1:32:28]} 7. O-O {[%clk 1:29:41]} Nc6
{[%clk 1:32:36]} 8. d3 {[%clk 1:29:28]} h6 {[%clk 1:32:12]} 9. h3
{[%clk 1:26:32]} Nd4 {[%clk 1:28:19]} 10. Nxd4 {[%clk 1:25:18]} exd4
{[%clk 1:28:46]} 11. Ne2 {[%clk 1:25:43]} c5 {[%clk 1:24:36]} 12. f4
{[%clk 1:25:38]} Rb8 {[%clk 1:23:10]} 13. b4 {[%clk 1:17:53]} cxb4
{[%clk 1:17:42]} 14. Bb2 {[%clk 1:14:08]} Nd7 {[%clk 1:16:55]} 15. Qe1
{[%clk 1:14:36]} Qb6 {[%clk 1:03:11]} 16. Qf2 {[%clk 1:13:27]} Nc5
{[%clk 1:01:41]} 17. Rfd1 {[%clk 1:11:57]} b3 {[%clk 0:54:33]} 18. Bxd4
{[%clk 1:06:43]} Bxd4 {[%clk 0:52:22]} 19. Qxd4 {[%clk 1:04:15]} b2
{[%clk 0:52:47]} 20. Rab1 {[%clk 1:04:29]} Na4 {[%clk 0:53:11]} 21. Qxb6
{[%clk 1:03:14]} axb6 {[%clk 0:53:34]} 22. Rd2 {[%clk 1:03:19]} b5
{[%clk 0:53:16]} 23. cxb5 {[%clk 1:02:02]} Be6 {[%clk 0:53:36]} 24. a3
{[%clk 1:01:00]} Rfc8 {[%clk 0:52:46]} 25. Kf2 {[%clk 0:57:53]} Rc5
{[%clk 0:49:21]} 26. Rbxb2 {[%clk 0:47:35]} Nxb2 {[%clk 0:49:46]} 27. Rxb2
{[%clk 0:48:03]} Ra8 {[%clk 0:42:11]} 28. d4 {[%clk 0:46:28]} Rc4
{[%clk 0:42:34]} 29. f5 {[%clk 0:45:42]} gxf5 {[%clk 0:20:00]} 30. exf5
{[%clk 0:45:59]} Bc8 {[%clk 0:20:24]} 31. Bd5 {[%clk 0:44:18]} Rc7
{[%clk 0:15:59]} 32. b6 {[%clk 0:38:59]} Re7 {[%clk 0:16:24]} 33. f6
{[%clk 0:37:20]} Re8 {[%clk 0:16:48]} 34. Nf4 {[%clk 0:34:03]} Rxa3
{[%clk 0:07:06]} 35. Rc2 {[%clk 0:32:23]} Be6 {[%clk 0:04:32]} 36. Bxe6
{[%clk 0:30:57]} Rxe6 {[%clk 0:04:01]} 37. Rc8+ {[%clk 0:30:52]} Kh7
{[%clk 0:04:18]} 38. Nxe6 {[%clk 0:31:12]} Rb3 {[%clk 0:04:20]} 39. Nf8+
{[%clk 0:30:46]} Kg8 {[%clk 0:04:40]} 40. h4 {[%clk 0:30:06]} 1-0

[Event "Kibizov Memorial 2018"]
[Site "?"]
[Date "2018.06.27"]
[Round "7.4"]
[White "Simakova, Elena"]
[Black "Mukhina, Jana"]
[Result "1/2-1/2"]
[BlackElo "2050"]
[WhiteElo "1953"]
[LiveChessVersion "1.4.8"]

1. e4 {[%clk 1:30:57]} e5 {[%clk 1:30:57]} 2. Nf3 {[%clk 1:31:23]} Nc6
{[%clk 1:31:24]} 3. Bb5 {[%clk 1:31:50]} f5 {[%clk 1:31:45]} 4. d3
{[%clk 1:32:14]} fxe4 {[%clk 1:32:10]} 5. dxe4 {[%clk 1:32:40]} Nf6
{[%clk 1:32:37]} 6. O-O {[%clk 1:32:49]} Bc5 {[%clk 1:32:55]} 7. Qd3
{[%clk 1:32:05]} Nd4 {[%clk 1:32:46]} 8. Nxd4 {[%clk 1:16:26]} Bxd4
{[%clk 1:32:07]} 9. Nc3 {[%clk 1:14:41]} O-O {[%clk 1:24:33]} 10. Bc4+
{[%clk 1:11:25]} Kh8 {[%clk 1:21:49]} 11. Be3 {[%clk 1:10:46]} Bxe3
{[%clk 1:13:10]} 12. Qxe3 {[%clk 1:10:35]} d6 {[%clk 1:13:22]} 13. Rad1
{[%clk 0:51:38]} Qe7 {[%clk 1:10:03]} 14. Nd5 {[%clk 0:49:30]} Nxd5
{[%clk 1:10:31]} 15. Bxd5 {[%clk 0:49:27]} Rf6 {[%clk 1:04:42]} 16. Rd2
{[%clk 0:41:52]} c6 {[%clk 0:59:05]} 17. Bb3 {[%clk 0:42:08]} Be6
{[%clk 0:49:23]} 18. Rfd1 {[%clk 0:39:42]} Bxb3 {[%clk 0:46:37]} 19. axb3
{[%clk 0:38:17]} b6 {[%clk 0:37:27]} 20. b4 {[%clk 0:34:14]} Raf8
{[%clk 0:32:08]} 21. c4 {[%clk 0:31:26]} Qf7 {[%clk 0:30:22]} 22. b3
{[%clk 0:26:38]} Qg6 {[%clk 0:29:16]} 23. Kh1 {[%clk 0:26:16]} c5
{[%clk 0:23:40]} 24. bxc5 {[%clk 0:25:09]} dxc5 {[%clk 0:19:37]} 25. f3
{[%clk 0:23:08]} Qh5 {[%clk 0:17:05]} 26. Rd8 {[%clk 0:21:28]} h6
{[%clk 0:14:30]} 27. R8d7 {[%clk 0:18:03]} R6f7 {[%clk 0:13:43]} 28. Qd3
{[%clk 0:13:49]} Qg5 {[%clk 0:03:53]} 29. Rxf7 {[%clk 0:05:15]} Rxf7
{[%clk 0:04:22]} 30. Qd5 {[%clk 0:05:01]} Qf4 {[%clk 0:03:47]} 31. Qe6
{[%clk 0:04:08]} Kh7 {[%clk 0:03:50]} 32. h3 {[%clk 0:03:36]} Rf6
{[%clk 0:04:03]} 33. Qe7 {[%clk 0:02:16]} Rf7 {[%clk 0:02:52]} 34. Qe6
{[%clk 0:02:31]} Rf6 {[%clk 0:03:09]} 35. Qe7 {[%clk 0:02:34]} Qe3
{[%clk 0:00:51]} 36. Qxe5 {[%clk 0:00:59]} Qxb3 {[%clk 0:00:40]} 37. Qd5
{[%clk 0:01:13]} Rg6 {[%clk 0:00:33]} 38. e5 {[%clk 0:01:03]} Qc2
{[%clk 0:00:51]} 39. Rd2 {[%clk 0:01:04]} Qf5 {[%clk 0:00:59]} 40. Re2
{[%clk 0:00:39]} Re6 {[%clk 0:00:37]} 41. g4 {[%clk 0:00:54]} Qf7
{[%clk 0:00:55]} 42. Qe4+ {[%clk 0:00:43]} Qg6 {[%clk 0:00:39]} 1/2-1/2

[Event "Kibizov Memorial 2018"]
[Site "?"]
[Date "2018.06.27"]
[Round "7.5"]
[White "Borsuk, Angela"]
[Black "Prudnikova, Svetlana"]
[Result "1/2-1/2"]
[BlackElo "2252"]
[WhiteElo "2147"]
[LiveChessVersion "1.4.8"]

1. d4 {[%clk 1:30:58]} d5 {[%clk 1:30:52]} 2. Nf3 {[%clk 1:31:22]} Nf6
{[%clk 1:31:13]} 3. e3 {[%clk 1:31:24]} Bf5 {[%clk 1:31:32]} 4. Bd3
{[%clk 1:31:45]} Bxd3 {[%clk 1:31:47]} 5. Qxd3 {[%clk 1:32:11]} c6
{[%clk 1:31:54]} 6. O-O {[%clk 1:32:25]} Nbd7 {[%clk 1:32:14]} 7. c4
{[%clk 1:32:43]} e6 {[%clk 1:32:36]} 8. Nc3 {[%clk 1:33:05]} Be7 {[%clk 1:32:37]}
9. e4 {[%clk 1:33:14]} dxe4 {[%clk 1:32:55]} 10. Nxe4 {[%clk 1:33:40]} Nxe4
{[%clk 1:33:19]} 11. Qxe4 {[%clk 1:34:06]} O-O 1/2-1/2

[Event "Kibizov Memorial 2018"]
[Site "?"]
[Date "2018.06.27"]
[Round "7.6"]
[White "Berzinsh, Roland"]
[Black "Smorchkov, Danil"]
[Result "0-1"]
[BlackElo "2216"]
[WhiteElo "2410"]
[LiveChessVersion "1.4.8"]

1. d4 {[%clk 1:30:57]} Nf6 {[%clk 1:30:01]} 2. Bf4 {[%clk 1:31:13]} e6
{[%clk 1:28:04]} 3. e3 {[%clk 1:31:25]} c5 {[%clk 1:27:06]} 4. Nf3
{[%clk 1:31:44]} Qb6 {[%clk 1:23:32]} 5. Na3 {[%clk 1:29:45]} d5 {[%clk 1:23:16]}
6. Nb5 {[%clk 1:29:20]} Na6 {[%clk 1:23:35]} 7. a4 {[%clk 1:28:25]} Be7
{[%clk 1:23:19]} 8. c3 {[%clk 1:27:10]} O-O {[%clk 1:18:28]} 9. dxc5
{[%clk 1:27:28]} Bxc5 {[%clk 1:14:28]} 10. Bd3 {[%clk 1:27:29]} Bd7
{[%clk 1:07:30]} 11. b4 {[%clk 1:06:10]} Be7 {[%clk 1:05:34]} 12. Be5
{[%clk 1:06:29]} Qd8 {[%clk 0:51:45]} 13. Nd2 {[%clk 0:52:07]} Nb8
{[%clk 0:44:23]} 14. O-O {[%clk 0:44:30]} Nc6 {[%clk 0:39:49]} 15. Bc7
{[%clk 0:44:19]} Qc8 {[%clk 0:40:04]} 16. Bg3 {[%clk 0:44:27]} e5
{[%clk 0:38:35]} 17. e4 {[%clk 0:44:29]} Be6 {[%clk 0:32:59]} 18. f4
{[%clk 0:42:57]} dxe4 {[%clk 0:28:14]} 19. Nxe4 {[%clk 0:43:01]} Nxe4
{[%clk 0:28:11]} 20. Bxe4 {[%clk 0:43:12]} Rd8 {[%clk 0:28:25]} 21. Qb1
{[%clk 0:34:25]} f5 {[%clk 0:28:15]} 22. Bc2 {[%clk 0:34:49]} a6 {[%clk 0:27:36]}
23. Na3 {[%clk 0:35:10]} e4 {[%clk 0:27:55]} 24. Rd1 {[%clk 0:29:18]} Bf6
{[%clk 0:25:20]} 25. Be1 {[%clk 0:29:08]} Qc7 {[%clk 0:24:55]} 26. Bb3
{[%clk 0:29:31]} Bxb3 {[%clk 0:20:24]} 27. Qxb3+ {[%clk 0:29:52]} Kh8
{[%clk 0:20:45]} 28. Nc4 {[%clk 0:26:24]} h6 {[%clk 0:15:05]} 29. g3
{[%clk 0:21:03]} Qf7 {[%clk 0:14:24]} 30. Na5 {[%clk 0:21:14]} Qc7
{[%clk 0:11:23]} 31. Nc4 {[%clk 0:17:24]} Qf7 {[%clk 0:09:52]} 32. b5
{[%clk 0:11:34]} axb5 {[%clk 0:06:59]} 33. Qxb5 {[%clk 0:11:32]} Qh5
{[%clk 0:06:10]} 34. Nd6 {[%clk 0:11:09]} Ne7 {[%clk 0:04:03]} 35. Qb3
{[%clk 0:09:33]} Kh7 {[%clk 0:01:54]} 36. Nxb7 {[%clk 0:06:29]} Rdb8
{[%clk 0:01:17]} 37. a5 {[%clk 0:05:30]} Qe2 {[%clk 0:01:35]} 38. Rd6
{[%clk 0:05:15]} Rxa5 {[%clk 0:01:28]} 39. Rxa5 {[%clk 0:02:20]} Qxe1+
{[%clk 0:01:53]} 40. Kg2 {[%clk 0:02:48]} Qe2+ {[%clk 0:01:33]} 41. Kg1
{[%clk 0:03:14]} Qe3+ {[%clk 0:01:03]} 42. Kf1 {[%clk 0:02:17]} Qf3+
{[%clk 0:01:29]} 43. Kg1 {[%clk 0:02:28]} e3 {[%clk 0:01:38]} 44. Ra1
{[%clk 0:01:39]} Qf2+ {[%clk 0:01:28]} 45. Kh1 {[%clk 0:02:08]} e2
{[%clk 0:01:50]} 0-1

[Event "Kibizov Memorial 2018"]
[Site "?"]
[Date "2018.06.27"]
[Round "7.8"]
[White "Yumakhuzhin, Vadim"]
[Black "Nugumanov, Bakhtiyar"]
[Result "1-0"]
[BlackElo "2413"]
[WhiteElo "2221"]
[LiveChessVersion "1.4.8"]

1. e4 {[%clk 1:30:27]} c6 {[%clk 1:28:15]} 2. d4 {[%clk 1:30:52]} d5
{[%clk 1:28:37]} 3. e5 {[%clk 1:29:51]} c5 {[%clk 1:28:26]} 4. dxc5
{[%clk 1:30:15]} e6 {[%clk 1:27:14]} 5. Be3 {[%clk 1:28:30]} Ne7 {[%clk 1:24:24]}
6. c3 {[%clk 1:25:33]} Nf5 {[%clk 1:23:11]} 7. Bd4 {[%clk 1:21:55]} Nc6
{[%clk 1:22:22]} 8. Nf3 {[%clk 1:17:34]} Be7 {[%clk 1:21:17]} 9. a3
{[%clk 1:13:14]} a5 {[%clk 1:17:41]} 10. Bb5 {[%clk 1:03:03]} Bd7
{[%clk 1:17:13]} 11. a4 {[%clk 1:02:55]} O-O {[%clk 1:16:28]} 12. O-O
{[%clk 1:03:12]} Nfxd4 {[%clk 1:12:30]} 13. cxd4 {[%clk 1:03:35]} b6
{[%clk 1:12:46]} 14. cxb6 {[%clk 1:03:53]} Qxb6 {[%clk 1:13:01]} 15. Qe2
{[%clk 1:01:35]} Rfb8 {[%clk 1:09:11]} 16. Rd1 {[%clk 1:00:22]} Bc8
{[%clk 1:07:08]} 17. Nc3 {[%clk 0:45:42]} Na7 {[%clk 1:03:30]} 18. Bd3
{[%clk 0:45:07]} Qxb2 {[%clk 1:00:13]} 19. Qe3 {[%clk 0:45:29]} Qb6
{[%clk 0:55:37]} 20. Ne2 {[%clk 0:30:27]} Qd8 {[%clk 0:53:42]} 21. Qf4
{[%clk 0:24:59]} Bd7 {[%clk 0:41:14]} 22. Ng3 {[%clk 0:20:37]} Nc6
{[%clk 0:37:09]} 23. h4 {[%clk 0:19:24]} Rb2 {[%clk 0:32:40]} 24. Nh5
{[%clk 0:16:45]} Qf8 {[%clk 0:29:47]} 25. Nf6+ {[%clk 0:10:16]} gxf6
{[%clk 0:21:57]} 26. exf6 {[%clk 0:10:42]} Bxf6 {[%clk 0:21:44]} 27. Qxf6
{[%clk 0:11:07]} Qg7 {[%clk 0:21:55]} 28. Qf4 {[%clk 0:08:35]} f6
{[%clk 0:21:31]} 29. Bb5 {[%clk 0:08:05]} Rb3 {[%clk 0:19:47]} 30. Rac1
{[%clk 0:07:07]} Rc8 {[%clk 0:13:12]} 31. Qd6 {[%clk 0:07:10]} Rxf3
{[%clk 0:06:17]} 32. Bxc6 {[%clk 0:07:31]} Rxc6 {[%clk 0:06:13]} 33. Rxc6
{[%clk 0:07:32]} Bxc6 {[%clk 0:06:02]} 34. Qxe6+ {[%clk 0:07:27]} Kf8
{[%clk 0:04:36]} 35. Qxc6 {[%clk 0:06:23]} Qg4 {[%clk 0:01:53]} 36. Re1
{[%clk 0:05:32]} Rf4 {[%clk 0:00:49]} 37. Qe8+ {[%clk 0:05:34]} Kg7
{[%clk 0:01:15]} 38. Re7+ {[%clk 0:05:58]} 1-0

[Event "Kibizov Memorial 2018"]
[Site "?"]
[Date "2018.06.27"]
[Round "7.9"]
[White "Vaseptsov, Maxim"]
[Black "Tologontegin, Semetey"]
[Result "0-1"]
[BlackElo "2398"]
[WhiteElo "2256"]
[LiveChessVersion "1.4.8"]

1. b3 {[%clk 1:30:58]} d5 {[%clk 1:24:19]} 2. Nf3 {[%clk 1:29:21]} Bg4
{[%clk 1:19:48]} 3. Ne5 {[%clk 1:23:42]} Bh5 {[%clk 1:19:59]} 4. f4
{[%clk 1:18:40]} Nd7 {[%clk 1:17:02]} 5. Nxd7 {[%clk 1:13:46]} Qxd7
{[%clk 1:17:24]} 6. g3 {[%clk 1:14:08]} e5 {[%clk 0:59:09]} 7. fxe5
{[%clk 1:10:08]} d4 {[%clk 0:59:10]} 8. Bg2 {[%clk 1:06:59]} O-O-O
{[%clk 0:59:21]} 9. d3 {[%clk 1:02:13]} Re8 {[%clk 0:49:29]} 10. Nd2
{[%clk 0:54:40]} Rxe5 {[%clk 0:47:20]} 11. Nf3 {[%clk 0:54:54]} Bb4+
{[%clk 0:46:44]} 12. Bd2 {[%clk 0:53:26]} Bxd2+ {[%clk 0:46:53]} 13. Qxd2
{[%clk 0:53:54]} Bxf3 {[%clk 0:46:49]} 14. Bxf3 {[%clk 0:54:20]} Qd6
{[%clk 0:46:46]} 15. Kf2 {[%clk 0:50:51]} Nf6 {[%clk 0:38:06]} 16. c4
{[%clk 0:43:24]} h5 {[%clk 0:35:28]} 17. h3 {[%clk 0:40:24]} g5 {[%clk 0:35:00]}
18. g4 {[%clk 0:40:08]} Kb8 {[%clk 0:23:47]} 19. b4 {[%clk 0:38:10]} Re3
{[%clk 0:23:45]} 20. Rag1 {[%clk 0:37:12]} Qf4 {[%clk 0:22:51]} 21. Ke1
{[%clk 0:32:59]} Qxf3 {[%clk 0:21:42]} 0-1

[Event "Kibizov Memorial 2018"]
[Site "?"]
[Date "2018.06.27"]
[Round "7.10"]
[White "Matsenko, Andrei"]
[Black "Sitnikov, Anton"]
[Result "1-0"]
[BlackElo "2436"]
[WhiteElo "2299"]
[LiveChessVersion "1.4.8"]

1. Nf3 {[%clk 1:30:57]} g6 {[%clk 1:30:37]} 2. d4 {[%clk 1:28:53]} Bg7
{[%clk 1:31:01]} 3. e4 {[%clk 1:27:27]} c6 4. Nc3 {[%clk 1:27:22]} d6
{[%clk 1:30:48]} 5. a4 {[%clk 1:26:17]} Nd7 {[%clk 1:30:20]} 6. Bc4
{[%clk 1:23:34]} Nh6 {[%clk 1:23:25]} 7. h3 {[%clk 1:21:36]} e5 {[%clk 1:23:29]}
8. dxe5 {[%clk 1:20:03]} dxe5 {[%clk 1:23:53]} 9. g4 {[%clk 1:18:33]} f6
{[%clk 1:19:32]} 10. Qe2 {[%clk 1:14:00]} Nf8 {[%clk 1:00:50]} 11. g5
{[%clk 1:01:12]} Nf7 {[%clk 1:00:59]} 12. h4 {[%clk 1:00:07]} Ne6
{[%clk 0:43:40]} 13. Rg1 {[%clk 0:57:01]} Qe7 {[%clk 0:29:51]} 14. Be3
{[%clk 0:53:50]} f5 {[%clk 0:27:11]} 15. exf5 {[%clk 0:50:48]} gxf5
{[%clk 0:27:37]} 16. O-O-O {[%clk 0:50:23]} Nd6 {[%clk 0:18:59]} 17. h5
{[%clk 0:46:34]} e4 {[%clk 0:11:49]} 18. Nd4 {[%clk 0:42:18]} Be5
{[%clk 0:01:04]} 19. g6 {[%clk 0:37:40]} hxg6 {[%clk 0:00:57]} 20. hxg6
{[%clk 0:35:09]} Nf4 {[%clk 0:00:35]} 21. Bxf4 {[%clk 0:35:12]} Bxf4+
{[%clk 0:01:01]} 22. Kb1 {[%clk 0:35:39]} Be5 {[%clk 0:00:46]} 23. f3
{[%clk 0:34:37]} Qg7 {[%clk 0:00:39]} 24. Bf7+ {[%clk 0:29:58]} Kd8
{[%clk 0:00:36]} 25. Ndb5 {[%clk 0:18:39]} cxb5 {[%clk 0:00:49]} 26. Nxb5
{[%clk 0:19:08]} a6 {[%clk 0:00:34]} 27. Nxd6 {[%clk 0:17:29]} Kc7
{[%clk 0:00:59]} 28. Qc4+ {[%clk 0:17:13]} Kb8 {[%clk 0:01:24]} 29. fxe4
{[%clk 0:16:10]} fxe4 {[%clk 0:01:27]} 30. Ne8 {[%clk 0:13:11]} Rxe8
{[%clk 0:01:50]} 31. Bxe8 {[%clk 0:13:39]} Bxb2 {[%clk 0:00:39]} 32. Rd8
{[%clk 0:12:07]} Ka7 {[%clk 0:01:08]} 33. Qc5+ {[%clk 0:11:04]} b6
{[%clk 0:01:24]} 34. Qc6 {[%clk 0:10:42]} Rb8 {[%clk 0:00:32]} 35. Rxc8
{[%clk 0:09:37]} Rb7 {[%clk 0:01:01]} 36. Rd8 {[%clk 0:09:50]} Be5
{[%clk 0:00:33]} 37. Rd7 {[%clk 0:10:11]} 1-0